000 00554nam a2200169Ia 4500
008 090124s9999 xx 000 0 und d
082 _b44906
100 _aमाडगूळकर ग. दि.
245 _a बांधावरच्या बाभळी
250 _a3
300 _a147
600 _aमाडगूळकर ग. दि.
630 _a बांधावरच्या बाभळी
700 _aमाडगूळकर ग. दि.
730 _a बांधावरच्या बाभळी
942 _cBOOK
999 _c111129
_d111129